000 00540nam a2200193Ia 4500
005 20260120124609.0
008 008 260114s9999 xx 000 0 eng d
020 _a9781848553682
037 _aEBOOK
040 _aCRL
_beng
_cCRL
041 _aeng
_2eng
084 _qCRL
100 _aNina Bandelj
_9908213
245 0 _aEconomic Sociology of Work
260 _bEmerald Publishing
_c2009
856 _uhttps://www.emerald.com/insight/publication/doi/10.1108/S0277-2833(2009)18
942 _cEBOOK
999 _c1500102
_d1500102